000 00454nam a2200133Ia 4500
008 220217s9999 xx 000 0 und d
100 _aJaimon K. Kurian
245 0 _aStudies for improving the degradation resistance of natural rubber latex vulcanizates with special reference to heat and uv-radiation
260 _bMahatma Gandhi University
_a Kottayam
_c2002
300 _a233
500 _aCourse: Ph. D
700 _aDr NR Peethambaran
942 _cTS
999 _c74609
_d74609